| 000 | 00499nam a22001937a 4500 | ||
|---|---|---|---|
| 005 | 20220519143337.0 | ||
| 008 | 220519b ||||| |||| 00| 0 eng d | ||
| 040 | _cAL | ||
| 041 | _aEnglish | ||
| 082 |
_223 _a032.02 _bRAJW |
||
| 100 |
_aRajya Sabha _937980 |
||
| 245 | _aWhos Who 1994 | ||
| 260 |
_aNew Delhi _bRajya Sabha Secretariat _c1994 |
||
| 300 |
_a423 p. _bHB _c21x14 cm. |
||
| 365 |
_c₹ _d₹75.00 |
||
| 650 |
_aRajya Sabha _937935 |
||
| 700 |
_aRAJYA SABHA _937936 |
||
| 942 |
_2ddc _cGF |
||
| 999 |
_c223001 _d223001 |
||